000 00814nam a2200241 a 4500
005 20191224041829.0
008 160215s2004 ck ado fr|||| 000 0 spa d
020 _a9589716857
040 _aCO-BoIAVH
_cCO-BoIAVH
041 0 _aspa
044 _ack
082 0 4 _a641.33851
_bR69d
100 1 _aRodríguez Becerra, Manuel
245 1 0 _aDesempeño ambiental del sector palmero en Colombia :
_bevaluación y perspectivas
260 _aBogotá :
_bFedepalma,
_c2004.
300 _a157 páginas :
_bIlustraciones, gráficas, fotografías,
_c24 x 17 cm.
504 _aIncluye referencias bibliográficas páginas 149-154.
650 1 6 _aAceite de palma
650 2 6 _aPolíticas ambientales
650 2 6 _aPesticidas
_xToxicidad
700 1 _aHoof Van, Bart
942 _cLIBRO
_2ddc
999 _c6276
_d6276